000 00317nam a2200133Ia 4500
008 191201s2019 xx 000 0 und d
082 _a615.103 GUD
100 _aGUPTA, L.C
245 0 _aDictionary of Pharmacy
260 _bAITBS Pub
_aNew Delhi
_c2019
300 _a334
650 _aMiscellaneous
942 _2ddc
_cBK
999 _c8208
_d8208